[Event "Saratov Region-ch (Women)"]
[Site "Saratov"]
[Date "2012.12.02"]
[Round "7.3"]
[White "Brineva, Elena S"]
[Black "Rjanova, Valery"]
[Result "1/2-1/2"]
[WhiteElo "2070"]
[BlackElo "2205"]
[PlyCount "43"]
[EventDate "2012.11.26"]
[EventType "swiss"]
[EventRounds "7"]
[EventCountry "RUS"]
[SourceTitle "EXT 2014"]
[Source "ChessBase"]
[SourceDate "2013.11.20"]
[SourceVersion "1"]
[SourceVersionDate "2013.11.20"]
[SourceQuality "1"]

1. e4 c5 2. Nf3 d6 3. d4 cxd4 4. Nxd4 Nf6 5. Nc3 g6 6. f3 Bg7 7. Be3 0-0 8. Qd2 Nc6 9. g4 Be6 10. h4 Nxd4 11. Bxd4 Qa5 12. h5 Rfc8 13. a3 a6 14. hxg6 hxg6 15. 0-0-0 b5 16. g5 Nh5 17. Bxg7 Kxg7 18. Qd4+ Kg8 19. f4 Rxc3 20. bxc3 Qxa3+ 21. Kd2 Bg4 22. Re1 1/2-1/2

[Event "Cherkessk"]
[Site "Cherkessk"]
[Date "2007.05.??"]
[Round "4"]
[White "Alikhanov, Felix"]
[Black "Brineva, Elena S"]
[Result "1-0"]
[WhiteElo "2398"]
[BlackElo "2084"]
[PlyCount "29"]
[EventDate "2007.05.17"]
[EventType "swiss"]
[EventRounds "11"]
[EventCountry "RUS"]
[EventCategory "1"]
[SourceTitle "EXT 2008"]
[Source "ChessBase"]
[SourceDate "2007.11.25"]
[SourceVersion "1"]
[SourceVersionDate "2007.11.25"]
[SourceQuality "1"]

1. e4 c5 2. d4 cxd4 3. c3 dxc3 4. Nxc3 Nc6 5. Nf3 d6 6. Bc4 Nf6 7. e5 dxe5 8. Qxd8+ Nxd8 9. Nb5 Rb8 10. Nxe5 e6 11. Nc7+ Ke7 12. Be3 Nc6 13. 0-0-0 Nd7 14. Nxf7 Nde5 15. Nxh8 1-0

[Event "Cherkessk"]
[Site "Cherkessk"]
[Date "2007.05.??"]
[Round "11"]
[White "Brineva, Elena S"]
[Black "Zakharov, Ivan"]
[Result "1/2-1/2"]
[WhiteElo "2084"]
[BlackElo "2157"]
[PlyCount "40"]
[EventDate "2007.05.17"]
[EventType "swiss"]
[EventRounds "11"]
[EventCountry "RUS"]
[EventCategory "1"]
[SourceTitle "EXT 2008"]
[Source "ChessBase"]
[SourceDate "2007.11.25"]
[SourceVersion "1"]
[SourceVersionDate "2007.11.25"]
[SourceQuality "1"]

1. e4 c5 2. Nf3 Nc6 3. d4 cxd4 4. Nxd4 a6 5. Nc3 e6 6. Be3 Nf6 7. Be2 Bb4 8. Bd3 Ne5 9. f4 Nxd3+ 10. cxd3 0-0 11. 0-0 b5 12. Rc1 Bb7 13. Qb3 Qe7 14. h3 Rac8 15. Nce2 Rxc1 16. Rxc1 Rc8 17. Rxc8+ Bxc8 18. Qc2 Bb7 19. Qc7 d5 20. Qxe7 Bxe7 1/2-1/2

[Event "Anapa-B"]
[Site "Anapa"]
[Date "2006.09.??"]
[Round "?"]
[White "Brineva, Elena S"]
[Black "Ivanova, Svetlana"]
[Result "1-0"]
[WhiteElo "2081"]
[BlackElo "2192"]
[PlyCount "93"]
[EventDate "2006.09.??"]
[EventType "tourn"]
[EventRounds "11"]
[EventCountry "RUS"]
[SourceTitle "EXT 2010"]
[Source "ChessBase"]
[SourceDate "2010.11.25"]
[SourceVersion "1"]
[SourceVersionDate "2010.11.25"]
[SourceQuality "1"]

1. e4 c5 2. Nf3 Nc6 3. d4 cxd4 4. Nxd4 e5 5. Nb5 d6 6. c4 Be7 7. N1c3 a6 8. Na3 Be6 9. Be2 Bg5 10. Nc2 h6 11. 0-0 Nge7 12. Qd3 Ng6 13. Rd1 Bxc1 14. Raxc1 Nf4 15. Qg3 Qe7 16. Bf1 0-0 17. Nd5 Bxd5 18. cxd5 Na7 19. Ne3 Rfc8 20. Nf5 Qf6 21. Qe3 Rxc1 22. Rxc1 Rc8 23. Rd1 Nb5 24. g3 g6 25. Nxh6+ Kg7 26. gxf4 exf4 27. Qf3 Qg5+ 28. Kh1 Qxh6 29. a4 Na7 30. Qd3 Qh5 31. Qd4+ Qe5 32. Qxa7 Qxe4+ 33. Kg1 Rc5 34. Qxb7 Qf3 35. Re1 Qg4+ 36. Kh1 Qf3+ 37. Bg2 Qxf2 38. Rf1 Qe2 39. Qb3 g5 40. Qf3 Qxb2 41. Qg4 Qe5 42. h4 Rc4 43. hxg5 Rxa4 44. Qh4 a5 45. Re1 Ra1 46. Rxa1 Qxa1+ 47. Kh2 1-0

[Event "TKM-ch (Women)"]
[Site "Ashkhabad"]
[Date "2000.04.20"]
[Round "1"]
[White "Ovezova, Maral"]
[Black "Brineva, Elena S"]
[Result "1-0"]
[WhiteElo "2113"]
[BlackElo "2117"]
[PlyCount "59"]
[EventDate "2000.04.20"]
[EventType "tourn"]
[EventRounds "13"]
[EventCountry "TKM"]
[SourceTitle "EXT 2001"]
[Source "ChessBase"]
[SourceDate "2000.11.22"]
[SourceVersion "1"]
[SourceVersionDate "2000.11.22"]
[SourceQuality "1"]

1. d4 d5 2. Nf3 e6 3. Bf4 Nf6 4. e3 Be7 5. Bd3 Nbd7 6. Nbd2 0-0 7. h3 c5 8. c3 b6 9. 0-0 Bb7 10. Bh2 Ne4 11. Rc1 f5 12. Ne5 Rf6 13. f4 Nxe5 14. dxe5 Rf7 15. Nxe4 fxe4 16. Bc2 Ba6 17. Re1 Qe8 18. Bg3 Rf5 19. Bf2 h5 20. c4 Rd8 21. Ba4 Qg6 22. cxd5 Rxd5 23. Qc2 Bd3 24. Qc3 b5 25. Bc2 b4 26. Qb3 Qe8 27. Bxd3 exd3 28. e4 d2 29. exf5 Qd8 30. Kh2 1-0